| 000 -LEADER |
| fixed length control field |
00270nam a22000977a 4500 |
| 082 ## - DEWEY DECIMAL CLASSIFICATION NUMBER |
| Classification number |
TNC T3100 299 |
| 100 ## - MAIN ENTRY--PERSONAL NAME |
| Personal name |
Basu, S.K. |
| 9 (RLIN) |
23727 |
| 245 ## - TITLE STATEMENT |
| Title |
Managing agency system : |
| Remainder of title |
In prospect and retrospect |
| Statement of responsibility, etc |
By S.K. Basu |
| 260 ## - PUBLICATION, DISTRIBUTION, ETC. (IMPRINT) |
| Place of publication, distribution, etc |
Calcutta |
| Name of publisher, distributor, etc |
World Press |
| Date of publication, distribution, etc |
1958 |
| 300 ## - PHYSICAL DESCRIPTION |
| Extent |
222p. |